[Event "Dallas CC GP8 Amateur"]
[Site "Dallas"]
[Date "2002.01.20"]
[Round "4.7"]
[White "Appelbaum, Todd"]
[Black "Coleman, Ryan"]
[Result "1/2-1/2"]
[WhiteElo "1728"]
[BlackElo "1650"]
[PlyCount "62"]
[EventDate "2002.01.19"]
[EventType "swiss"]
[EventRounds "5"]
[EventCountry "USA"]
[SourceTitle "EXT 2003"]
[Source "ChessBase"]
[SourceDate "2002.11.25"]
[SourceVersion "1"]
[SourceVersionDate "2002.11.25"]
[SourceQuality "1"]

1. e4 e6 2. d4 d5 3. exd5 exd5 4. Bf4 Bf5 5. Nf3 h6 6. Be2 Nf6 7. Nbd2 Bd6 8. Bxd6 Qxd6 9. c3 0-0 10. 0-0 Nbd7 11. Re1 Bh7 12. h3 Rae8 13. Qb3 Qb6 14. Qxb6 axb6 15. Bf1 Ne4 16. Bd3 Re7 17. Nxe4 dxe4 18. Bc2 Rfe8 19. Nd2 f5 20. Ba4 Rd8 21. Bxd7 Rdxd7 22. Nc4 Rd8 23. g3 g5 24. Rad1 Kg7 25. f4 gxf4 26. gxf4 Bg8 27. Ne3 Kf6 28. a3 b5 29. Kg2 Bb3 30. Rd2 Rg8+ 31. Kh2 Reg7 1/2-1/2